Hoạt động khoa học công nghệ Đồng Nai ngày càng gắn với thực tiễn
Uloženo v:
| Hlavní autor: | |
|---|---|
| Médium: | Kniha |
| Jazyk: | Undetermined |
| Témata: | |
| On-line přístup: | http://lrc.tdmu.edu.vn/opac/search/detail.asp?aID=2&ID=35710 |
| Tagy: |
Přidat tag
Žádné tagy, Buďte první, kdo otaguje tento záznam!
|
| Thư viện lưu trữ: | Trung tâm Học liệu Trường Đại học Thủ Dầu Một |
|---|
| LEADER | 00628nam a2200145Ia 4500 | ||
|---|---|---|---|
| 001 | TDMU_35710 | ||
| 008 | 210410s9999 xx 000 0 und d | ||
| 082 | |a 941.082 | ||
| 100 | |a Thu, Dung | ||
| 245 | 0 | |a Hoạt động khoa học công nghệ Đồng Nai ngày càng gắn với thực tiễn | |
| 245 | 0 | |c Thu Dung | |
| 300 | |a Tr.26-30 | ||
| 650 | |a Khoa học Công nghệ; Hoạt động khoa học; Đồng Nai; Thực tiễn; Tiềm lực khoa học | ||
| 856 | |u http://lrc.tdmu.edu.vn/opac/search/detail.asp?aID=2&ID=35710 | ||
| 980 | |a Trung tâm Học liệu Trường Đại học Thủ Dầu Một | ||